| 000 | 00900cab a22002535a 4500 | ||
|---|---|---|---|
| 001 | L160022 | ||
| 008 | 150113e2016 xxk 000 0 eng d | ||
| 035 | _a(Sirsi) u160022 | ||
| 041 | 0 | _aeng | |
| 050 | _a627.4 | ||
| 100 | 1 | _aLamond, Jessica | |
| 245 | 0 | 2 |
_aA risky business _h[electronic resource] |
| 260 |
_aLondon _bRICS _c2016 |
||
| 490 |
_aRICS Building Surveying Journal _vMay 2016 - June 2016, 19(1) |
||
| 520 | _aLooks at the impact of flooding on business. | ||
| 650 | 2 | 4 | _aFLOODING |
| 650 | 2 | 4 | _aFLOOD RE |
| 651 | 4 |
_aUnited Kingdom _y |
|
| 690 |
_aInsurance _96249 |
||
| 700 | 1 | _aBhattacharya, Namrata | |
| 856 | 4 | 0 |
_uhttps://www.rics.org/Global/BSJ-BCJ%20May-June%202016%20Interactive.pdf _zView the article free of charge at www.rics.org... |
| 856 | 4 | 0 |
_uhttps://www.rics.org/Global/BSJ-BCJ%20May-June%202016%20Interactive.pdf _yAvailable free online via Issuu |
| 942 |
_n0 _2ddc |
||
| 999 |
_c85137 _d85137 |
||